000 00591nam a22001697a 4500
005 20251108164809.0
008 250721s2008 xx 000 0 ara d
082 1 4 _a346.07/مقد
100 1 _aبني مقداد، محمد علي محمد
_eمؤلف
245 1 0 _aتضامن الموقعون على الأوراق التجارية : دراسة مقارنه /
264 1 _aعمان :
_bدار عالم الكتب الحديث،
_c2008.
300 _a451 ص.
650 1 7 _aالقانون التجاري
650 1 7 _aالاوراق التجاريه
942 _2ddc
_cBK
999 _c14590
_d14590